Loading...
| Science - Biology | 0 | 4 | 0 | 2 | 40 | 102 | 112.50 | 0 | 0 | 1.97 | 8.33 |
| Fine Arts - Classical Music | 0 | 3 | 0 | 0 | 30 | 115 | 120.67 | 0 | 0 | 0.69 | 6.94 |
| Philosophy | 0 | 3 | 0 | 1 | 30 | 118 | 127.00 | 0 | 1 | 0.91 | 8.33 |
| Fine Arts - Other | 0 | 2 | 0 | 0 | 20 | 63 | 85.50 | 0 | 2 | 6.18 | 12.50 |
| Social Science | 0 | 2 | 1 | 0 | 15 | 72 | 85.50 | 0 | 2 | 4.61 | 11.11 |
| Fine Arts - Painting and Sculpture | 0 | 2 | 1 | 2 | 15 | 139 | 141.00 | 0 | 0 | -0.12 | 2.78 |
| History - European | 0 | 1 | 0 | 0 | 10 | 61 | 61.00 | 0 | 0 | 4.30 | 4.17 |
| Science - Chemistry | 0 | 1 | 0 | 0 | 10 | 76 | 76.00 | 1 | 1 | 3.06 | 8.33 |
| Religion | 0 | 1 | 0 | 0 | 10 | 110 | 110.00 | 0 | 0 | 0.82 | 2.78 |
| Literature - British | 0 | 1 | 0 | 0 | 10 | 98 | 98.00 | 0 | 0 | 1.80 | 1.39 |
| Literature - European | 0 | 1 | 0 | 1 | 10 | 146 | 146.00 | 0 | 0 | 0.00 | 1.39 |
| Science - Other | 0 | 0 | 0 | 0 | 0 | 0.00 | 0 | 0 | 0.00 | 0.00 |